000 00321 a2200109 4500
001 ART_18419
005 20260410161702.0
008 260409a
245 1 0 _aRegímenes de retención y percepción del IVA
100 1 _aJanuszewski, Karina
773 0 _tRevista Impuestos
_g- Nº 1 (ene. 2013)
_wREV639
999 _c15226
_d15226